Návrh fyzikálneho modelu palivovej kazety na meranie prietoku chladiva cez centrálnu rúrku

Gespeichert in:
Bibliographische Detailangaben
1. Verfasser: Štefánik, Matej (Verfasst von)
Weitere Verfasser: Závodný, Zdenko (Betreuung Doktorarbeit)
Format: Manuskript Buch
Sprache:Slowakisch
Veröffentlicht: 2015
Schlagworte:
Online-Zugang:http://is.stuba.sk/zp/portal_zp.pl?podrobnosti=119621
Tags: Tag hinzufügen
Keine Tags, Fügen Sie das erste Tag hinzu!

MARC

LEADER 00000ntm a22000003a 4500
001 stuzp51731
003 SK-STU
005 20160719153940.9
007 ta
008 150427s2015----xo-----f-mn---000-0-slo-d
040 |a STU  |b slo 
041 0 |a slo 
100 1 |a Štefánik, Matej  |u 020060  |4 aut  |U SjF Strojnícka fakulta  |T SjF Ústav tepelnej energetiky  |X 55624  |U J0060  |Y 805  |7 55624 
242 0 1 |a Desing of nuclear fuel assembly of nuclear reactor VVER 440 and measurement of coolant flow in central tube.  |y eng 
245 1 0 |a Návrh fyzikálneho modelu palivovej kazety na meranie prietoku chladiva cez centrálnu rúrku 
260 |c 2015 
650 4 |a jadrová energia  |2 slo 
650 4 |a návrh fyzikálneho modelu palivovej kazety  |2 slo 
650 4 |a princíp činnosti palivovej kazety  |2 slo 
650 4 |a physical model of fuel assembly  |2 eng 
650 4 |a nuclear energy  |2 eng 
650 4 |a principle of fuel assembly  |2 eng 
700 1 |a Závodný, Zdenko  |4 ths  |X 50330  |7 A000050330 
856 4 |u http://is.stuba.sk/zp/portal_zp.pl?podrobnosti=119621 
996 |b 284j043715  |c J* 2005/bp  |l JJSK  |s A  |a 24  |w stuzp51731_0001 
SQL |a stuzp51731  |b DBP  |c SLO  |d Návrh fyzikálneho modelu palivovej kazety na meranie prietoku chladiva cez centrálnu rúrku  |e 55624  |f Štefánik, Matej  |g 020060  |h 50330  |i Závodný, Zdenko  |j 20150615  |k 44  |l 02  |m http://is.stuba.sk/zp/portal_zp.pl?podrobnosti=119621  |n B-ESTR  |o 5.2.29. energetika